Discord, dialogue, and concord (Record no. 775120)
[ view plain ]
| 000 -LEADER | |
|---|---|
| fixed length control field | 00723nam a2200241Ia 4500 |
| 003 - CONTROL NUMBER IDENTIFIER | |
| control field | OSt |
| 005 - DATE AND TIME OF LATEST TRANSACTION | |
| control field | 20220928123915.0 |
| 008 - FIXED-LENGTH DATA ELEMENTS--GENERAL INFORMATION | |
| fixed length control field | 220927b |||||||| |||| 00| 0 eng d |
| 037 ## - SOURCE OF ACQUISITION | |
| Terms of availability | Textual |
| 040 ## - CATALOGING SOURCE | |
| Original cataloging agency | SDCL |
| Transcribing agency | SDCL |
| Language of cataloging | eng |
| 041 ## - LANGUAGE CODE | |
| Source of code | eng |
| Language code of text/sound track or separate title | eng |
| 100 ## - MAIN ENTRY--PERSONAL NAME | |
| Personal name | Spitz Lewis W Ed. |
| 9 (RLIN) | 462109 |
| 245 #0 - TITLE STATEMENT | |
| Title | Discord, dialogue, and concord |
| Remainder of title | Studies in the lutheran reformation's formula of concord. |
| 260 ## - PUBLICATION, DISTRIBUTION, ETC. | |
| Place of publication, distribution, etc. | Missouri |
| Name of publisher, distributor, etc. | Fortress Press |
| Date of publication, distribution, etc. | 1977 |
| 300 ## - PHYSICAL DESCRIPTION | |
| Extent | xv,207p. |
| Dimensions | cm. |
| 700 ## - ADDED ENTRY--PERSONAL NAME | |
| Personal name | Lohff Wenzel Ed. |
| 9 (RLIN) | 462110 |
| 942 ## - ADDED ENTRY ELEMENTS (KOHA) | |
| Classification part | Q6:3, L7 |
| Koha item type | Textual |
| Source of classification or shelving scheme | Colon Classification (CC) |
| Withdrawn status | Lost status | Damaged status | Not for loan | Home library | Current library | Date acquired | Total Checkouts | Full call number | Barcode | Date last seen | Price effective from | Koha item type |
|---|---|---|---|---|---|---|---|---|---|---|---|---|
| South Campus Library | South Campus Library | 2022-09-28 | Q6:3 L7 | SC0611216 | 2022-09-28 | 2022-09-28 | Textual |
